1907 : el paper de l'IEC en la història de l'art i en la restauració de monuments medievals a Catalunya i Europa : commemoració del centenari de l'Institut d'Estudis Catalans / coordinació: Raquel Lacuesta Contreras ; redacció i documentació: Marisa Díez Díez, Gemma Sabatés de Hita el paper de l'IEC en la història de l'art i en la restauració de monuments medievals a Catalunya i Europa :
MARC
| LEADER | 00000nam a2200000Ia 4500 | ||
|---|---|---|---|
| 001 | 21771 | ||
| 008 | 160829s2009 xx 000 0 cat d | ||
| 020 | |a 978-84-9803-163-8 | ||
| 080 | |a B-2-186 | ||
| 245 | |a 1907 : |b el paper de l'IEC en la història de l'art i en la restauració de monuments medievals a Catalunya i Europa : |b commemoració del centenari de l'Institut d'Estudis Catalans / coordinació: |b Raquel Lacuesta Contreras ; redacció i documentació: |b Marisa Díez Díez, Gemma Sabatés de Hita | ||
| 260 | |a Barcelona : |b Diputació de Barcelona. Area d'Infraestructures, Urbanisme i Habitatge. Servei del Patrimoni Arquitectònic Local, |c 2009 | ||
| 300 | |a 233 p. : |b il. col. ; |c 29 cm | ||
| 590 | |a Bibliografia. | ||
| 590 | |a Jornada Científica celebrada el 23 i 24 de març de 2007 al Museu d'Història de Catalunya | ||
| 650 | |a Monuments |x Conservació i restauració |x Catalunya |x Congressos |9 43491 | ||
| 650 | |a Monuments |x Conservació i restauració |x Europa |x Congressos |9 43492 | ||
| 650 | |a Institut d'Estudis Catalans |x Congressos |9 43493 | ||
| 700 | |a Lacuesta, Raquel, |d 1949- |e coordinador |9 24935 | ||
| 700 | |a Díez, Marisa |9 43494 | ||
| 700 | |a Sabatés de Hita, Gemma I |9 43495 | ||
| 710 | 2 | |a Institut d'Estudis Catalans |9 52284 | |
| 710 | |a Barcelona (Catalunya : Província). |b Servei de Patrimoni Arquitectònic Local |9 19202 | ||
| 901 | |a Arxiu | ||
| 942 | |n 1 |2 udc | ||
| 952 | |0 0 |1 0 |4 0 |6 B2186 |7 1 |9 51467 |a Arxiu |b Arxiu |d 2016-12-01 |l 0 |o B-2-186 |p 21771 |r 2016-12-01 00:00:00 |w 2016-12-01 |y ARXIU | ||
| 999 | |c 55311 |d 55311 | ||